000
00226nam a22000857a 4500
008
161214b xxu||||| |||| 00| 0 eng d
100
_9
2048
_a
Advent verlag
245
_a
Meine lieblingsgeschichten
260
_a
USA
_b
Advent verlag
_c
2007
999
_c
4919
_d
4919